Histoire du droit des gens et des relations internationales. (Record no. 157266)

MARC details
000 -LEADER
campo de control de longitud fija 00835nam a22002055i 4500
001 - NÚMERO DE CONTROL
campo de control 157266
003 - IDENTIFICADOR DE NÚMERO DE CONTROL
campo de control ES-MaACL
005 - FECHA Y HORA DE LA ÚLTIMA TRANSACCIÓN
campo de control 20250809063527.0
008 - DATOS DE LONGITUD FIJA--INFORMACIÓN GENERAL
campo de control de longitud fija 950206s1863 be |||| | fre d
040 ## - FUENTE DE CATALOGACIÓN
Centro catalogador/agencia de origen CLM
Lengua de catalogación spa
100 1# - ENTRADA PRINCIPAL--NOMBRE DE PERSONA
Nombre de persona Laurent, François,
Fechas asociadas al nombre 1810-1887
9 (RLIN) 128741
245 10 - MENCIÓN DEL TÍTULO
Título Histoire du droit des gens et des relations internationales.
Número de parte o sección de la obra IX,
Nombre de parte o sección de la obra Études sur l'histoire de l'humanité : Les guerres de religion /
Mención de responsabilidad, etc. par F. Laurent.
260 ## - PUBLICACIÓN, DISTRIBUCIÓN, ETC.
Lugar de publicación, distribución, etc. Bruxelles ;
-- Leipzig :
Nombre del editor, distribuidor, etc. A. Lacroix, Verboeckhoven et Ce...,
Fecha de publicación, distribución, etc. 1863.
300 ## - DESCRIPCIÓN FÍSICA
Extensión 524 p. ;
Dimensiones 21 cm.
650 04 - PUNTO DE ACCESO ADICIONAL DE MATERIA--TÉRMINO DE MATERIA
Término de materia o nombre geográfico como elemento de entrada Derecho internacional-
Subdivisión general Historia.
9 (RLIN) 11719
651 ## - PUNTO DE ACCESO ADICIONAL DE MATERIA--NOMBRE GEOGRÁFICO
Nombre geográfico Europa-
Subdivisión general Historia-
Subdivisión cronológica S.XVI.
9 (RLIN) 8612
852 ## - LOCALIZACIÓN
Ubicación ES-MaACL
Número de control de estantería D-4574
Nota libre -- Enc. hol.
852 ## - LOCALIZACIÓN
Ubicación ES-MaACL
Número de control de estantería D-2819
Nota libre -- Enc. hol.
Encuadernación -- Edic...T490: el nº de la serie es el 9
Holdings
Estatus retirado Estado de pérdida Estado de daño No para préstamo Colección Biblioteca de origen Biblioteca actual Ubicación en estantería Fecha de adquisición Fuente de adquisición Total de préstamos Signatura topográfica completa Código de barras Visto por última vez Precio de reemplazo Tipo de ítem Koha
        Libros del s. XIX Biblioteca del Ateneo de Madrid Biblioteca del Ateneo de Madrid Sala Valle Inclán 17/01/2008     D-2819 901164570 23/02/2023 23/02/2023 Libro impreso antiguo
        Libros del s. XIX Biblioteca del Ateneo de Madrid Biblioteca del Ateneo de Madrid Sala Valle Inclán 17/01/2008     D-4574 901164569 23/02/2023 23/02/2023 Libro impreso antiguo